000 00984cam a22003137a 4500
003 CHAP
005 20220329135635.0
008 971013s1953 r 00010 d
010 _a39766
011 _a40738
035 _a44864
040 _cCHAP
082 _a589.227
_bF58
100 0 0 _aFisher, George William.
_941091
245 0 _aManual of the Noth American smut fungi
260 _aNew York :
_bRonald,
_c1953
300 _a343 p.
590 _aBATCH-UPD
_b10
_c20130110
_lUCH01
_h2038
590 _aBATCH-UPD
_b10
_c20130410
_lUCH01
_h1353
590 _aBATCH-UPD
_b10
_c20130914
_lUCH01
_h0731
590 _aCONVERSION
_b10
_c20130109
_lUCH01
_h1322
650 1 4 _aBotánica
_xAmérica del Norte.
_914485
650 1 4 _aHongos
_xAmérica del Norte.
_956086
650 1 4 _aUstilaginales.
_9117093
901 _aBK
942 _cLIBRO
949 _a589.227 F58
_bBC
_cLIBRO
_d33724000374005
_eLIBRO
_i44864
_si
949 _a589.227 F58
_bBC
_cLIBRO
_d33724000374013
_eLIBRO
_fc.2
_i44864
_si
999 _c39766
_d39766